[Event "OPEN B - XVII MIEDZYNARODOWY FESTIWAL S"]
[Site "GOLD CHESS Open  - Rewal"]
[Date "2012.??.??"]
[Round "5.19"]
[White "Jablonska, Sabina"]
[Black "Jasnikowska, Malgorzata"]
[Result "0-1"]
[WhiteElo "1979"]
[BlackElo "1725"]
[PlyCount "76"]
[EventDate "2012.??.??"]

1. b3 e5 2. Bb2 d6 3. e3 Nf6 4. d4 exd4 5. exd4 d5 6. Nf3 Bg4 7. Be2 Bd6 8.
Nbd2 O-O 9. O-O Re8 10. Re1 Nbd7 11. c4 c6 12. Nf1 b6 13. Ng3 Bh5 14. Rc1 Rc8
15. cxd5 cxd5 16. Rxc8 Qxc8 17. Qd3 Qb8 18. h3 Rc8 19. Nf5 Bb4 20. Rd1 Qf4 21.
Ne3 Bd6 22. Bc1 Bxf3 23. Bxf3 Qh2+ 24. Kf1 Rxc1 25. Rxc1 Qh1+ 26. Ke2 Qxc1 27.
Nxd5 Nxd5 28. Bxd5 Nf6 29. Bc4 Qb2+ 30. Kf3 Qxa2 31. Qf5 Qa3 32. g4 b5 33. Qxb5
Qb4 34. Qc6 Qc3+ 35. Kg2 Qxd4 36. Qc8+ Bf8 37. g5 Ne4 38. Qf5 Nd6 0-1

[Event "OPEN B - XVII MIEDZYNARODOWY FESTIWAL S"]
[Site "GOLD CHESS Open  - Rewal"]
[Date "2012.??.??"]
[Round "5.20"]
[White "Lewtak, Dominik"]
[Black "Jewulski, Krzysztof"]
[Result "1-0"]
[WhiteElo "1776"]
[BlackElo "1950"]
[PlyCount "81"]
[EventDate "2012.??.??"]

1. e4 e5 2. Nf3 Nf6 3. Nxe5 d6 4. Nf3 Nxe4 5. d4 d5 6. Bd3 Bd6 7. O-O O-O 8. c4
c6 9. Nc3 Bf5 10. Qc2 Na6 11. a3 Re8 12. Re1 Nxc3 13. Bxf5 Rxe1+ 14. Nxe1 Ne4
15. Bxe4 dxe4 16. Qxe4 Qd7 17. Be3 Re8 18. Qf3 c5 19. dxc5 Nxc5 20. b4 Ne4 21.
c5 Be5 22. Rd1 Qa4 23. g3 Bb2 24. Bd4 Nc3 25. Bxc3 Bxc3 26. Nd3 g6 27. Nf4 Bb2
28. Rd3 Qa6 29. Kg2 Qc6 30. Qxc6 bxc6 31. Rb3 Bd4 32. Kf3 Kg7 33. Ne2 Rd8 34.
Rd3 Bf6 35. Rxd8 Bxd8 36. Nd4 a5 37. Nxc6 axb4 38. axb4 Bf6 39. b5 Kf8 40. b6
Ke8 41. b7 1-0

[Event "OPEN B - XVII MIEDZYNARODOWY FESTIWAL S"]
[Site "GOLD CHESS Open  - Rewal"]
[Date "2012.??.??"]
[Round "5.21"]
[White "Kopica, Paulina"]
[Black "Obiedzinski, Piotr"]
[Result "1/2-1/2"]
[WhiteElo "1744"]
[BlackElo "1913"]
[PlyCount "53"]
[EventDate "2012.??.??"]

1. e4 c5 2. Nf3 d6 3. c3 Nf6 4. h3 Nbd7 5. Bd3 b6 6. O-O Bb7 7. Re1 e6 8. Bc2
Be7 9. d4 cxd4 10. cxd4 e5 11. Nc3 O-O 12. Be3 Rc8 13. Qd2 Re8 14. Rad1 Qc7 15.
Bg5 b5 16. Rc1 b4 17. Nd1 a5 18. Ne3 Qb8 19. Nf5 Bf8 20. Ng3 h6 21. Be3 d5 22.
dxe5 Nxe5 23. Nxe5 Qxe5 24. Bd4 Qg5 25. Be3 Qe5 26. Bd4 Qg5 27. Be3 1/2-1/2

[Event "OPEN B - XVII MIEDZYNARODOWY FESTIWAL S"]
[Site "GOLD CHESS Open  - Rewal"]
[Date "2012.??.??"]
[Round "5.22"]
[White "Gajzner, Ryszard"]
[Black "Gawiec, Konrad"]
[Result "0-1"]
[WhiteElo "1734"]
[BlackElo "1911"]
[PlyCount "107"]
[EventDate "2012.??.??"]

1. Nf3 c5 2. c4 b6 3. g3 Bb7 4. Bg2 g6 5. Nc3 Bg7 6. O-O Nc6 7. b3 e6 8. Bb2 d5
9. cxd5 exd5 10. e3 Ba6 11. d3 Nge7 12. Na4 O-O 13. Bxg7 Kxg7 14. Re1 Rc8 15.
d4 c4 16. Qd2 Qd6 17. Rec1 Nb4 18. Ne1 Ng8 19. a3 Nc6 20. b4 Nf6 21. Nc3 Ne7
22. Bh3 Rcd8 23. Nf3 h5 24. Re1 Ne4 25. Qc2 Nxc3 26. Qxc3 Qf6 27. Bg2 Nf5 28.
Rad1 Nd6 29. Nd2 Nb5 30. Qc1 h4 31. Nb1 Bc8 32. a4 Nc7 33. Nc3 Bg4 34. Rd2 Bf3
35. Bxf3 Qxf3 36. Qd1 Qf5 37. g4 Qd7 38. f4 Na6 39. Rb2 Qd6 40. Qb1 Rfe8 41.
Kf2 Re7 42. Kf3 Rde8 43. b5 Nc7 44. Qc1 Ne6 45. Rbe2 g5 46. f5 Nf8 47. Qd2 Re4
48. Nxe4 Rxe4 49. Rg2 Nd7 50. Rb1 Qa3 51. Re2 Nf6 52. Qb4 Qd3 53. Rbb2 Rxd4 54.
Qe7 0-1

[Event "OPEN B - XVII MIEDZYNARODOWY FESTIWAL S"]
[Site "GOLD CHESS Open  - Rewal"]
[Date "2012.??.??"]
[Round "5.23"]
[White "Woloch, Oskar"]
[Black "Blaszkiewicz, Mateusz"]
[Result "0-1"]
[WhiteElo "1564"]
[BlackElo "1879"]
[PlyCount "84"]
[EventDate "2012.??.??"]

1. g3 e5 2. Bg2 d5 3. c4 c6 4. cxd5 cxd5 5. Qb3 Nf6 6. d3 Nc6 7. e3 Rb8 8. Nc3
Be6 9. Qc2 Be7 10. a3 O-O 11. Nge2 Qd7 12. O-O Rfc8 13. d4 Bg4 14. dxe5 Nxe5
15. f4 Nc4 16. Nd4 Bc5 17. Qf2 Re8 18. b3 Nb6 19. f5 Re5 20. Nce2 Rbe8 21. Nf4
Bxf5 22. b4 Ng4 23. Qa2 Bf8 24. Nxf5 Rxf5 25. Bh3 h5 26. Qe2 d4 27. Bxg4 hxg4
28. Qxg4 dxe3 29. Re1 Nd5 30. Bb2 Nxf4 31. gxf4 Qe6 32. Bd4 Qe4 33. Bxe3 Rf6
34. Kf2 Rc6 35. Qf3 Qe7 36. Qh3 Qf6 37. Ra2 Bd6 38. f5 Re5 39. Bxa7 Rxf5+ 40.
Ke2 Qe6+ 41. Kd1 Rd5+ 42. Rd2 Rxd2+ 0-1

[Event "OPEN B - XVII MIEDZYNARODOWY FESTIWAL S"]
[Site "GOLD CHESS Open  - Rewal"]
[Date "2012.??.??"]
[Round "5.24"]
[White "Duszenko, Michal"]
[Black "Niedbal, Piotr"]
[Result "1-0"]
[WhiteElo "1852"]
[BlackElo "1693"]
[PlyCount "73"]
[EventDate "2012.??.??"]

1. e4 d5 2. exd5 Qxd5 3. Nc3 Qd6 4. d4 Nf6 5. Nf3 a6 6. Be2 Bg4 7. Be3 e6 8.
O-O Be7 9. h3 Bh5 10. Ne5 Bxe2 11. Nxe2 O-O 12. Bf4 Qb6 13. Qd3 Nc6 14. Nc4 Qb5
15. a4 Qh5 16. c3 Rac8 17. Bg3 Qg6 18. Qxg6 hxg6 19. Rfe1 Rfe8 20. Rad1 Nd5 21.
Nc1 Na7 22. Nd3 c5 23. dxc5 Bxc5 24. Nxc5 Rxc5 25. Nd6 Re7 26. Rd3 Nc8 27. Nxc8
Rxc8 28. Rxd5 Rc4 29. Rd8+ Kh7 30. Bd6 Rcc7 31. Bxe7 Rxe7 32. Red1 Rc7 33. R1d7
Rc4 34. Rd4 Rc5 35. Rh4+ Rh5 36. Rxh5+ gxh5 37. Rd7 1-0

[Event "OPEN B - XVII MIEDZYNARODOWY FESTIWAL S"]
[Site "GOLD CHESS Open  - Rewal"]
[Date "2012.??.??"]
[Round "5.25"]
[White "Lopuszanski, Kamil"]
[Black "Bobryk, Konrad"]
[Result "1-0"]
[WhiteElo "1840"]
[BlackElo "1616"]
[PlyCount "53"]
[EventDate "2012.??.??"]

1. e4 c5 2. Nf3 Nc6 3. d4 cxd4 4. Nxd4 g6 5. Nc3 Bg7 6. Be3 Nf6 7. Bc4 d6 8. f3
O-O 9. Qd2 Bd7 10. Bb3 Qb8 11. h4 Rc8 12. O-O-O Ne5 13. h5 Nc4 14. Bxc4 Rxc4
15. g4 b5 16. hxg6 fxg6 17. g5 b4 18. Nd5 Nxd5 19. exd5 Qc7 20. Qh2 h5 21. gxh6
Bf6 22. h7+ Kh8 23. Qg2 g5 24. Kb1 Rc8 25. f4 gxf4 26. Rdg1 Qb8 27. Qg8+ 1-0

[Event "OPEN B - XVII MIEDZYNARODOWY FESTIWAL S"]
[Site "GOLD CHESS Open  - Rewal"]
[Date "2012.??.??"]
[Round "5.26"]
[White "Przybylska, Agata"]
[Black "Kowalczyk, Adam"]
[Result "0-1"]
[WhiteElo "1689"]
[BlackElo "1896"]
[PlyCount "62"]
[EventDate "2012.??.??"]

1. e4 c5 2. Nf3 e6 3. d4 cxd4 4. Nxd4 Nc6 5. Be3 Nf6 6. Nc3 Bb4 7. f3 a6 8. Qd2
d5 9. exd5 Nxd5 10. Nxc6 bxc6 11. Bd4 O-O 12. Be2 c5 13. Be5 f6 14. Bg3 Qa5 15.
O-O Nxc3 16. bxc3 Bxc3 17. Qd6 Bxa1 18. Rxa1 Rd8 19. Qe7 Bd7 20. Rd1 Bb5 21.
Qxe6+ Kh8 22. Rxd8+ Qxd8 23. c4 Ba4 24. Qe3 Qa5 25. Bd3 Re8 26. Qf4 Qc3 27. Be4
Qd4+ 28. Kf1 Qxc4+ 29. Kg1 Qd4+ 30. Kf1 Bb5+ 31. Ke1 Rd8 0-1

[Event "OPEN B - XVII MIEDZYNARODOWY FESTIWAL S"]
[Site "GOLD CHESS Open  - Rewal"]
[Date "2012.??.??"]
[Round "5.27"]
[White "Hagner, Pawel"]
[Black "Murawko, Julia"]
[Result "1/2-1/2"]
[WhiteElo "1823"]
[BlackElo "1607"]
[PlyCount "59"]
[EventDate "2012.??.??"]

1. d4 d5 2. Nf3 e6 3. Bg5 Nf6 4. e3 Nbd7 5. Nbd2 Bd6 6. c3 a6 7. a4 c5 8. Bd3
e5 9. dxe5 Nxe5 10. Nxe5 Bxe5 11. Nf3 Bc7 12. Qe2 Qd6 13. Rd1 Qe6 14. O-O O-O
15. Qc2 h6 16. Bxf6 Qxf6 17. h3 Bxh3 18. gxh3 Qxf3 19. Bf5 h5 20. Bh7+ Kh8 21.
Qf5 Qxf5 22. Bxf5 Rad8 23. Rd2 Rd6 24. Rfd1 Rfd8 25. Bc2 Kg8 26. Kf1 Kf8 27. e4
dxe4 28. Rxd6 Rxd6 29. Rxd6 Bxd6 30. Bxe4 1/2-1/2

[Event "OPEN B - XVII MIEDZYNARODOWY FESTIWAL S"]
[Site "GOLD CHESS Open  - Rewal"]
[Date "2012.??.??"]
[Round "5.28"]
[White "Krzysztofiak, Zdzislaw"]
[Black "Trepkowski, Piotr"]
[Result "1/2-1/2"]
[WhiteElo "1671"]
[BlackElo "1786"]
[PlyCount "41"]
[EventDate "2012.??.??"]

1. e4 e5 2. Nf3 Nc6 3. Bb5 a6 4. Bxc6 dxc6 5. O-O Bg4 6. h3 Bh5 7. d3 Qf6 8.
Nbd2 Bd6 9. Nc4 Bxf3 10. Qxf3 Qxf3 11. gxf3 O-O-O 12. Kh2 Ne7 13. Nxd6+ cxd6
14. f4 exf4 15. Bxf4 f6 16. h4 Ng6 17. Bg3 Nxh4 18. Bxh4 g5 19. Kh3 gxh4 20.
Kxh4 d5 21. f3 1/2-1/2

[Event "OPEN B - XVII MIEDZYNARODOWY FESTIWAL S"]
[Site "GOLD CHESS Open  - Rewal"]
[Date "2012.??.??"]
[Round "5.29"]
[White "Sowa, Martyna"]
[Black "Wilk, Tomasz"]
[Result "1/2-1/2"]
[WhiteElo "1765"]
[BlackElo "1667"]
[PlyCount "116"]
[EventDate "2012.??.??"]

1. g3 g6 2. Bg2 Bg7 3. c4 c5 4. Nc3 Nc6 5. e3 Nf6 6. Nge2 O-O 7. d4 d6 8. O-O
Bd7 9. Bd2 Rb8 10. a3 a6 11. Rc1 b5 12. cxb5 axb5 13. Na2 Qb6 14. dxc5 dxc5 15.
Qc2 c4 16. Nb4 Rfd8 17. Nf4 Bf5 18. e4 Nd4 19. Qb1 Ne2+ 20. Nxe2 Rxd2 21. exf5
Rxe2 22. Rce1 Rxf2 23. Rxf2 Ng4 24. Ree2 Bd4 25. Qf1 Rd8 26. Nd5 Bxf2+ 27. Rxf2
Qc5 28. fxg6 hxg6 29. Nxe7+ Qxe7 30. Re2 Qc5+ 31. Kh1 Ne3 32. Qf2 Rd1+ 33. Re1
Qd4 34. Rxd1 Qxd1+ 35. Qg1 Qxg1+ 36. Kxg1 Nd1 37. Be4 Nxb2 38. Bc2 c3 39. Kf2
Nc4 40. a4 Na3 41. a5 b4 42. a6 Nb5 43. Ke3 Kf8 44. Kd3 Ke7 45. Kc4 Nc7 46. a7
Kd6 47. Kxb4 Kd5 48. Kxc3 Nb5+ 49. Kd3 Nxa7 50. Bb3+ Ke5 51. Bxf7 g5 52. Be8
Nc8 53. Bd7 Nd6 54. Ke3 Ne4 55. Kf3 Nf6 56. Bc8 Kd5 57. g4 Ke5 58. Bf5 Ng8
1/2-1/2

[Event "OPEN B - XVII MIEDZYNARODOWY FESTIWAL S"]
[Site "GOLD CHESS Open  - Rewal"]
[Date "2012.??.??"]
[Round "5.30"]
[White "Drela, Michal"]
[Black "Lebiedowicz, Borys"]
[Result "1-0"]
[WhiteElo "1570"]
[BlackElo "1730"]
[PlyCount "79"]
[EventDate "2012.??.??"]

1. d4 Nf6 2. Nf3 g6 3. Bf4 Bg7 4. c4 d6 5. e3 O-O 6. Bd3 Nc6 7. a3 Bg4 8. Be2
Re8 9. d5 Nb8 10. Nc3 Nbd7 11. h3 Bxf3 12. Bxf3 e5 13. Bg5 Qc8 14. e4 a6 15.
O-O Rf8 16. b4 h6 17. Be3 Kh7 18. Rc1 a5 19. c5 axb4 20. axb4 dxc5 21. bxc5 c6
22. d6 Ra5 23. Ne2 Rd8 24. Qb3 Kg8 25. Ng3 Qa8 26. Rc3 Rb5 27. Qc2 Nf8 28. Be2
Rb4 29. Bc4 Qa4 30. Bb3 Qa7 31. Qd2 Rxe4 32. Bxh6 Rd4 33. Qe3 Nd5 34. Bxd5 Rxd5
35. Bxg7 Kxg7 36. Nh5+ Kg8 37. Nf6+ Kg7 38. Nxd5 cxd5 39. Qxe5+ f6 40. Qe7+ 1-0

[Event "OPEN B - XVII MIEDZYNARODOWY FESTIWAL S"]
[Site "GOLD CHESS Open  - Rewal"]
[Date "2012.??.??"]
[Round "5.31"]
[White "Maliszewski, Jacek"]
[Black "Kasianczuk, Krzysztof"]
[Result "1-0"]
[WhiteElo "1720"]
[BlackElo "1590"]
[PlyCount "29"]
[EventDate "2012.??.??"]

1. d4 Nf6 2. Nf3 e6 3. e3 d5 4. Bd3 c5 5. c3 c4 6. Bc2 Bd6 7. O-O O-O 8. Nbd2
Re8 9. e4 dxe4 10. Nxe4 Nxe4 11. Bxe4 Nd7 12. Ng5 g6 13. Qf3 f6 14. Nxh7 Kxh7
15. Qh5+ 1-0

[Event "OPEN B - XVII MIEDZYNARODOWY FESTIWAL S"]
[Site "GOLD CHESS Open  - Rewal"]
[Date "2012.??.??"]
[Round "5.32"]
[White "Poswiatowski, Stanislaw"]
[Black "Wodecki, Michal"]
[Result "1-0"]
[WhiteElo "1700"]
[BlackElo "1440"]
[PlyCount "67"]
[EventDate "2012.??.??"]

1. d4 d5 2. Nf3 Nf6 3. c4 e6 4. Nc3 c6 5. cxd5 exd5 6. Qc2 Be7 7. Bg5 Nbd7 8.
e3 O-O 9. Bd3 Re8 10. O-O Nf8 11. Rab1 Bd7 12. b4 a6 13. a4 Qc7 14. b5 a5 15.
bxc6 Bxc6 16. Bxf6 Bxf6 17. Nxd5 Qd6 18. Nxf6+ Qxf6 19. Ne5 Rxe5 20. dxe5 Qxe5
21. Rfe1 Qg5 22. Be4 Rc8 23. Bxc6 bxc6 24. Rb6 g6 25. Rxc6 Ra8 26. h3 Qe5 27.
Rc1 Rb8 28. Qc5 Qe8 29. Qxa5 Ra8 30. Qb4 Nd7 31. Qb7 Kg7 32. Rc8 Rxc8 33. Rxc8
Qe6 34. a5 1-0

[Event "OPEN B - XVII MIEDZYNARODOWY FESTIWAL S"]
[Site "GOLD CHESS Open  - Rewal"]
[Date "2012.??.??"]
[Round "5.33"]
[White "Janke, Georg"]
[Black "Nun, Ryszard"]
[Result "1-0"]
[WhiteElo "1794"]
[BlackElo "1652"]
[PlyCount "97"]
[EventDate "2012.??.??"]

1. d4 Nf6 2. Nf3 g6 3. e3 d5 4. Nbd2 Bg7 5. Bd3 Nbd7 6. c3 c5 7. O-O O-O 8. e4
dxe4 9. Nxe4 Nxe4 10. Bxe4 Nf6 11. Bc2 cxd4 12. Nxd4 e5 13. Ne2 Bg4 14. Qxd8
Raxd8 15. f3 Be6 16. Bb3 Bxb3 17. axb3 a6 18. Bg5 Rd7 19. Rad1 Rfd8 20. Rxd7
Rxd7 21. Ng3 h6 22. Bc1 h5 23. Kf2 Kh7 24. Re1 Kg8 25. Ke2 h4 26. Ne4 Nxe4 27.
fxe4 f6 28. Rf1 Kf7 29. Bg5 Ke6 30. Bxh4 g5 31. Be1 g4 32. Bd2 Bf8 33. Be3 Rh7
34. Rh1 Bh6 35. Bxh6 Rxh6 36. Kf2 f5 37. exf5+ Kxf5 38. Ke3 g3 39. h3 Rh4 40.
Rf1+ Ke6 41. Rf3 Kd5 42. Rxg3 Re4+ 43. Kd2 Rf4 44. Rd3+ Ke4 45. Re3+ Kd5 46.
Ke2 e4 47. Rg3 Rf5 48. h4 Ke5 49. Rg7 1-0

[Event "OPEN B - XVII MIEDZYNARODOWY FESTIWAL S"]
[Site "GOLD CHESS Open  - Rewal"]
[Date "2012.??.??"]
[Round "5.35"]
[White "Drabek, Jan"]
[Black "Czerniawski, Krzysztof"]
[Result "0-1"]
[WhiteElo "1698"]
[BlackElo "1569"]
[PlyCount "112"]
[EventDate "2012.??.??"]

1. e4 c5 2. Nf3 d6 3. d4 cxd4 4. Nxd4 Nf6 5. Nc3 Nc6 6. Bc4 Qb6 7. Nb3 g6 8.
Be3 Qd8 9. O-O Bg7 10. h3 O-O 11. f4 Na5 12. Nxa5 Qxa5 13. Qf3 Bd7 14. Bb3 Bc6
15. Bd4 Qb4 16. Bxf6 Bxf6 17. Rae1 Rac8 18. Qg3 e6 19. Kh1 a5 20. a3 Qd4 21.
Rd1 Qc5 22. f5 exf5 23. exf5 Qe5 24. Qd3 Kg7 25. Qxd6 Qxd6 26. Rxd6 Rfd8 27.
Rxd8 Rxd8 28. fxg6 Rd2 29. Rd1 Bxc3 30. Rxd2 Bxd2 31. gxf7 Bc1 32. a4 Bxb2 33.
Kg1 Bd4+ 34. Kh2 Be5+ 35. g3 Be4 36. h4 h5 37. Kh3 Bf3 38. Bc4 Bd6 39. Bb3 Kf6
40. Bc4 Bg4+ 41. Kg2 Be6 42. Bb5 Bxf7 43. c4 Ke5 44. Kf3 Be6 45. Ke3 Bc5+ 46.
Kf3 Bg4+ 47. Kg2 Kd4 48. Kf2 Kc3+ 49. Kg2 Kb4 50. Kh2 Bd1 51. Be8 Kxc4 52. Kh3
Kb4 53. Kg2 b5 54. axb5 a4 55. b6 Bxb6 56. Bxa4 Kxa4 0-1

[Event "OPEN B - XVII MIEDZYNARODOWY FESTIWAL S"]
[Site "GOLD CHESS Open  - Rewal"]
[Date "2012.??.??"]
[Round "5.36"]
[White "Jaskiewicz, Kamila"]
[Black "Chylewski, Patryk"]
[Result "1/2-1/2"]
[WhiteElo "1661"]
[BlackElo "1562"]
[PlyCount "67"]
[EventDate "2012.??.??"]

1. Nf3 e6 2. c4 d5 3. g3 c5 4. cxd5 exd5 5. d4 c4 6. Bg2 Nf6 7. O-O b5 8. a3
Bd6 9. Nc3 a6 10. Bg5 Be6 11. Ne5 Be7 12. e4 Nxe4 13. Bxe7 Nxc3 14. Bxd8 Nxd1
15. Raxd1 Kxd8 16. f4 f6 17. f5 Bg8 18. Ng4 Nd7 19. Rfe1 Bf7 20. Ne3 Nb6 21. g4
Kd7 22. h4 h6 23. Bf3 Rae8 24. Ng2 Rxe1+ 25. Rxe1 Re8 26. Rxe8 Kxe8 27. Nf4 Kd7
28. Kf2 Kd6 29. Bd1 a5 30. Ke3 Ke7 31. Kd2 b4 32. axb4 axb4 33. b3 c3+ 34. Kc2
1/2-1/2

[Event "OPEN B - XVII MIEDZYNARODOWY FESTIWAL S"]
[Site "GOLD CHESS Open  - Rewal"]
[Date "2012.??.??"]
[Round "5.37"]
[White "Strek, Jaroslaw"]
[Black "Baran, Dawid"]
[Result "0-1"]
[WhiteElo "1493"]
[BlackElo "1740"]
[PlyCount "78"]
[EventDate "2012.??.??"]

1. d4 Nf6 2. c4 g6 3. Nc3 Bg7 4. e3 O-O 5. Nf3 d6 6. Be2 c6 7. O-O Qc7 8. Qc2
e5 9. dxe5 dxe5 10. e4 Bg4 11. h3 Bxf3 12. Bxf3 Nbd7 13. Be3 Rfe8 14. Rad1 Nf8
15. Rd2 Ne6 16. Rfd1 Re7 17. b4 Rf8 18. Bxa7 b6 19. Rd6 Qxa7 20. Rxc6 Nd4 21.
Rxd4 exd4 22. Nb5 Qd7 23. Rxb6 d3 24. Qd2 Nxe4 25. Bxe4 Rxe4 26. Rd6 Qf5 27.
Rxd3 Re1+ 28. Qxe1 Qxd3 29. Qc1 Rc8 30. Na3 Bc3 31. b5 Bb4 32. Qc2 Qxa3 33. Qb3
Qc1+ 34. Kh2 Bd6+ 35. g3 Qxc4 36. Qb2 Qc2 37. Qxc2 Rxc2 38. a4 Rxf2+ 39. Kg1
Ra2 0-1

[Event "OPEN B - XVII MIEDZYNARODOWY FESTIWAL S"]
[Site "GOLD CHESS Open  - Rewal"]
[Date "2012.??.??"]
[Round "5.39"]
[White "Wodecki, Mikolaj"]
[Black "Hadzicki, Tomasz"]
[Result "1/2-1/2"]
[WhiteElo "1300"]
[BlackElo "1858"]
[PlyCount "22"]
[EventDate "2012.??.??"]

1. e4 Nc6 2. Nf3 e6 3. d4 d5 4. Nc3 Bb4 5. exd5 exd5 6. Bd3 Bg4 7. Be3 Nf6 8.
O-O Bxc3 9. bxc3 O-O 10. Bg5 h6 11. Bf4 Ne7 1/2-1/2

[Event "OPEN B - XVII MIEDZYNARODOWY FESTIWAL S"]
[Site "GOLD CHESS Open  - Rewal"]
[Date "2012.??.??"]
[Round "6.3"]
[White "Widla, Piotr"]
[Black "Kaczmarek, Aleksander"]
[Result "0-1"]
[WhiteElo "1961"]
[BlackElo "2097"]
[PlyCount "66"]
[EventDate "2012.??.??"]

1. e4 c6 2. Nc3 d5 3. d4 dxe4 4. Nxe4 Nd7 5. Nf3 Ngf6 6. Nxf6+ Nxf6 7. Bc4 Qc7
8. Ne5 e6 9. Qe2 Bd6 10. Bf4 Nd5 11. Bg3 Qa5+ 12. Kf1 Be7 13. h4 O-O 14. c3 f6
15. Nf3 Qd8 16. h5 Bd6 17. Bh4 Bd7 18. g4 Qe7 19. Bb3 Rae8 20. Rg1 Kh8 21. g5
e5 22. gxf6 Nxf6 23. Ng5 h6 24. Nf7+ Rxf7 25. Bxf7 Bh3+ 26. Ke1 Qxf7 27. Bxf6
exd4 28. Bxg7+ Kh7 29. Qxe8 Qxe8+ 30. Kd2 Bf4+ 31. Kd3 Bf5+ 32. Kc4 Qe2+ 33.
Kc5 Qb5+ 0-1

[Event "OPEN B - XVII MIEDZYNARODOWY FESTIWAL S"]
[Site "GOLD CHESS Open  - Rewal"]
[Date "2012.??.??"]
[Round "6.4"]
[White "Zurkowski, Andrzej"]
[Black "Swiatloch, Tomasz"]
[Result "0-1"]
[WhiteElo "2017"]
[BlackElo "2099"]
[PlyCount "116"]
[EventDate "2012.??.??"]

1. d4 Nf6 2. c4 g6 3. Nc3 Bg7 4. e4 d6 5. f4 O-O 6. Nf3 c5 7. d5 e6 8. Be2 exd5
9. cxd5 Bg4 10. O-O Bxf3 11. Bxf3 Nbd7 12. Be3 Re8 13. Bf2 a6 14. a4 Rb8 15.
Re1 b5 16. axb5 axb5 17. Ra6 Rb6 18. Ra2 b4 19. Na4 Ra6 20. b3 Nb6 21. e5 Nfd7
22. e6 Nf6 23. Qd3 Ra7 24. Rae2 Nxa4 25. bxa4 Qc7 26. Qc4 Rxa4 27. Bh4 Raa8 28.
g4 h6 29. exf7+ Qxf7 30. Re6 Nh7 31. Qe4 Rf8 32. Be7 Qxf4 33. Bxf8 Rxf8 34.
Qxf4 Rxf4 35. Kg2 Ng5 36. Re8+ Rf8 37. h4 Nxf3 38. Rxf8+ Kxf8 39. Kxf3 b3 40.
Re4 Bc3 41. Ke2 b2 42. Rf4+ Ke7 43. Rf1 Bf6 44. Kd3 Bxh4 45. Kc2 Bf6 46. Rh1
Bg7 47. Re1+ Be5 48. Rh1 Kf6 49. Rxh6 Kg5 50. Rh7 Kxg4 51. Re7 Kf4 52. Re8 g5
53. Rf8+ Ke4 54. Rg8 Bf6 55. Rg6 Kf5 56. Rg8 g4 57. Re8 g3 58. Re3 Be5 0-1

[Event "OPEN B - XVII MIEDZYNARODOWY FESTIWAL S"]
[Site "GOLD CHESS Open  - Rewal"]
[Date "2012.??.??"]
[Round "6.5"]
[White "Gora, Jan"]
[Black "Nikitin, Aleksander I"]
[Result "1/2-1/2"]
[WhiteElo "1975"]
[BlackElo "2094"]
[PlyCount "91"]
[EventDate "2012.??.??"]

1. e4 d5 2. exd5 Qxd5 3. Nc3 Qd8 4. d4 Nf6 5. Nf3 Bg4 6. h3 Bxf3 7. Qxf3 c6 8.
Be3 e6 9. O-O-O Nbd7 10. g4 Qa5 11. Kb1 Be7 12. Bd3 Qc7 13. Rhe1 a6 14. g5 Nd5
15. Nxd5 cxd5 16. Qh5 g6 17. Qf3 Nb6 18. Bf4 Bd6 19. Bxd6 Qxd6 20. Qf6 Rf8 21.
Rc1 Rc8 22. h4 Qe7 23. Qe5 Kd7 24. c4 dxc4 25. Be4 Kd8 26. d5 Nd7 27. Qc3 e5
28. d6 Qxd6 29. Rcd1 Qc7 30. Bf3 Re8 31. Rxd7+ Kxd7 32. Bg4+ Kc6 33. Bxc8 Qxc8
34. Qxc4+ Kb6 35. Qxf7 Ka7 36. Rc1 Qd8 37. Qc7 Qxc7 38. Rxc7 Rf8 39. Rxh7 Rxf2
40. Re7 Re2 41. Re6 Re4 42. Rxg6 Rxh4 43. Re6 e4 44. g6 Rg4 45. Kc2 Rg3 46.
Rxe4 1/2-1/2

[Event "OPEN B - XVII MIEDZYNARODOWY FESTIWAL S"]
[Site "GOLD CHESS Open  - Rewal"]
[Date "2012.??.??"]
[Round "6.6"]
[White "Hasinski, Krystian"]
[Black "Reza, Wojciech"]
[Result "1/2-1/2"]
[WhiteElo "1925"]
[BlackElo "2090"]
[PlyCount "74"]
[EventDate "2012.??.??"]

1. d4 Nf6 2. Nf3 g6 3. c4 Bg7 4. Nc3 d5 5. e3 O-O 6. Bd3 dxc4 7. Bxc4 Nbd7 8.
O-O c5 9. h3 a6 10. a4 cxd4 11. exd4 Nb6 12. Be2 Nbd5 13. a5 Bd7 14. Ne5 Be6
15. Bf3 Nxc3 16. bxc3 Bd5 17. Bxd5 Nxd5 18. Qb3 Rb8 19. c4 Nc7 20. Be3 Ne6 21.
Rfd1 Qc7 22. f4 Rfd8 23. c5 Bxe5 24. fxe5 Rd7 25. d5 Nd8 26. Qc4 Rc8 27. Qe4 f5
28. exf6 exf6 29. Bd4 Re7 30. Qh4 Rf7 31. Bxf6 Qxc5+ 32. Kh1 Qd6 33. Bb2 Qf4
34. Qe1 Rc2 35. Qe5 Qxe5 36. Bxe5 Rd7 37. Bg3 Nf7 1/2-1/2

[Event "OPEN B - XVII MIEDZYNARODOWY FESTIWAL S"]
[Site "GOLD CHESS Open  - Rewal"]
[Date "2012.??.??"]
[Round "6.7"]
[White "Murawko, Katarzyna"]
[Black "Jacek, Krystian"]
[Result "1-0"]
[WhiteElo "1859"]
[BlackElo "2071"]
[PlyCount "77"]
[EventDate "2012.??.??"]

1. e4 c5 2. Nf3 e6 3. d4 cxd4 4. Nxd4 Nc6 5. Be3 Qc7 6. Bd3 Nf6 7. O-O a6 8. c4
Ne5 9. Qe2 Neg4 10. Nf3 Nxe3 11. Qxe3 d6 12. Nc3 Be7 13. h3 O-O 14. g4 Nd7 15.
Rac1 Qb8 16. Nd2 b6 17. b4 Bb7 18. a3 Re8 19. Qg3 Qd8 20. f4 Rc8 21. g5 e5 22.
h4 exf4 23. Qxf4 Ne5 24. Be2 Rf8 25. Bg4 Rc7 26. Be2 f6 27. Qe3 Rc8 28. Nd5
Bxd5 29. exd5 fxg5 30. Rxf8+ Kxf8 31. c5 bxc5 32. bxc5 Nf7 33. c6 gxh4 34. Bxa6
Bg5 35. Qf2 Rc7 36. Rb1 Qe8 37. Nc4 Qe4 38. Rb8+ Ke7 39. Qxf7+ 1-0

[Event "OPEN B - XVII MIEDZYNARODOWY FESTIWAL S"]
[Site "GOLD CHESS Open  - Rewal"]
[Date "2012.??.??"]
[Round "6.9"]
[White "Jaskolka, Tomasz"]
[Black "Misztal, Piotr"]
[Result "1/2-1/2"]
[WhiteElo "2037"]
[BlackElo "1778"]
[PlyCount "90"]
[EventDate "2012.??.??"]

1. e4 c5 2. Nf3 e6 3. d3 Nc6 4. g3 Nf6 5. Bg2 d5 6. e5 Nd7 7. Qe2 Be7 8. O-O
O-O 9. b3 Ndxe5 10. Nxe5 Nxe5 11. c3 Nc6 12. f4 f6 13. Qf3 d4 14. c4 f5 15. Re1
Bd6 16. Qe2 Qc7 17. Nd2 Bd7 18. Nf3 Rae8 19. Bd2 h6 20. Ne5 Bxe5 21. Bxc6 Qxc6
22. Qxe5 b6 23. b4 Bc8 24. b5 Qd7 25. a4 Bb7 26. a5 Ba8 27. a6 Qf7 28. Qe2 Qf6
29. Qh5 Re7 30. Re5 g5 31. h3 g4 32. hxg4 Bf3 33. Kf2 Bxg4 34. Qh2 h5 35. Rh1
Kf7 36. Qg2 Rh8 37. Rh4 Rh6 38. Qc6 Rh8 39. Bc1 Ree8 40. Ba3 Rc8 41. Qg2 Qe7
42. Bc1 Rhe8 43. Bd2 Rc7 44. Be1 Qd8 45. Qf1 Qa8 1/2-1/2

[Event "OPEN B - XVII MIEDZYNARODOWY FESTIWAL S"]
[Site "GOLD CHESS Open  - Rewal"]
[Date "2012.??.??"]
[Round "6.10"]
[White "Blaszkiewicz, Mateusz"]
[Black "Sroka, Janusz"]
[Result "0-1"]
[WhiteElo "1879"]
[BlackElo "2109"]
[PlyCount "122"]
[EventDate "2012.??.??"]

1. b3 Nf6 2. Bb2 d6 3. e3 g6 4. Bxf6 exf6 5. Nf3 Bg7 6. d4 O-O 7. Bd3 f5 8. O-O
Nd7 9. c4 Nf6 10. Nc3 c6 11. Rc1 Re8 12. b4 a5 13. b5 Nh5 14. Ne2 Bd7 15. Ng3
Nf6 16. bxc6 bxc6 17. c5 d5 18. Ne5 Ng4 19. Nxd7 Qxd7 20. Qa4 Qc7 21. Be2 Nf6
22. Rb1 h5 23. Bf3 h4 24. Ne2 g5 25. g3 hxg3 26. hxg3 Rab8 27. Rb3 Rxb3 28.
axb3 Bh6 29. Ra1 Qb7 30. Qxa5 Qxb3 31. Qa2 Qb8 32. Rb1 Qc7 33. Qa6 Qd7 34. Rb7
Qe6 35. Rc7 Kg7 36. Rxc6 Qe7 37. Rd6 g4 38. Bxd5 Bxe3 39. Qd3 Bh6 40. Nf4 Bxf4
41. gxf4 Qe1+ 42. Qf1 Qd2 43. Kg2 Re1 44. Rxf6 Rxf1 45. Rxf7+ Kg6 46. Kxf1 Qxd4
47. Rd7 Qxc5 48. Kg2 Qb4 49. Rd8 Qxf4 50. Rg8+ Kf6 51. Bb7 Qb4 52. Bd5 Ke5 53.
Bc6 Kf4 54. Ba8 Qc3 55. Bd5 Ke5 56. Bb7 Qb3 57. Rg7 Qh3+ 58. Kg1 Kf6 59. Bg2
Qb3 60. Rb7 Qd1+ 61. Kh2 Qd4 0-1

[Event "OPEN B - XVII MIEDZYNARODOWY FESTIWAL S"]
[Site "GOLD CHESS Open  - Rewal"]
[Date "2012.??.??"]
[Round "6.11"]
[White "Szeglowski, Tomasz"]
[Black "Malec, Sebastian"]
[Result "0-1"]
[WhiteElo "1757"]
[BlackElo "2093"]
[PlyCount "40"]
[EventDate "2012.??.??"]

1. c4 e6 2. Nf3 f5 3. d4 Nf6 4. Bg5 Bb4+ 5. Nc3 h6 6. Bxf6 Qxf6 7. a3 Bxc3+ 8.
bxc3 b6 9. e3 Bb7 10. Be2 g5 11. Rg1 d6 12. Qd2 g4 13. Ne5 dxe5 14. dxe5 Qxe5
15. O-O-O O-O 16. f3 Nc6 17. fxg4 Rad8 18. Qc2 Qxe3+ 19. Kb2 Ne5 20. gxf5 Be4
0-1